Technológia Tailored Blanks a jej aplikácie v automobilovom priemysle

Salvato in:
Dettagli Bibliografici
Autore principale: Šantavý, Daniel, 1983- (Autore)
Altri autori: Šugárová, Jana, 1970- (Relatore della tesi)
Natura: Manoscritto Libro
Lingua:slovacco
Pubblicazione: Trnava : STU v Bratislave MTF UVTE KT, 2010
Soggetti:
Accesso online:VAIS
Tags: Aggiungi Tag
Nessun Tag, puoi essere il primo ad aggiungerne!!

MARC

LEADER 00000ntm a22000003a 4500
001 stu217826
005 20160719160413.5
008 101130s2010----xo------------------slo-d
040 |a STU  |b slo 
041 0 |a slo 
044 |a xo 
100 1 |a Šantavý, Daniel,  |d 1983-  |4 aut  |X 37661  |7 A000037661 
242 0 0 |a Tailored Blanks technology and its applications in the automotive industry  |y eng 
245 1 |a Technológia Tailored Blanks a jej aplikácie v automobilovom priemysle 
260 |a Trnava :  |b STU v Bratislave MTF UVTE KT,  |c 2010 
650 7 |a výrobné technológie  |2 stusub 
650 7 |a Manufacturing Technologies  |2 estusub 
700 1 |a Šugárová, Jana,  |d 1970-  |4 ths  |u M3000  |U MTF Materiálovotechnologická fakulta  |T MTF Ústav výrobných technológií  |X 54646  |U M3000  |Y 83  |7 A000054646 
856 4 |a info a plný text  |u http://is.stuba.sk/zp/portal_zp.pl?podrobnosti=27312  |3 VAIS 
996 |c M*BP-4801  |l MMSKP  |s P  |a 0  |w stu217826_0001